000
00262nam a2200097Ia 4500
001
687396
005
20250826161555.0
008
250824s9999 xx 000 0 und d
245
0
_a
BABAANNEMİN İÇİNE UZAYLI KAÇTI
_c
SEVGİ SAYGI
260
_b
GÜNIŞIĞI YAYINLARI
999
_c
687396
_d
687396